000 00581nam a22001817a 4500
005 20161013100829.0
008 161007b xxu||||| |||| 00| 0 eng d
050 _aD743.2S39 1985
100 _aLarousse,
_926613
245 _aThe second world war
_ba unique photographic record in colour
_cby Larousse,
260 _aMiddlesex
_bHamlyn
_c1985
300 _a334p.;
_c27cm.
650 _aWorld war
_y1939-1965
_xPictorial works
_926614
700 _aCharman, T.C
_eed.
_926687
700 _aWootton, A
_etr.
_926688
700 _aBailie, J
_etr.
_926689
942 _2lcc
_cMONOGRAPH
999 _c125472
_d125472